| 000 | 004690000a22001690004500 | ||
|---|---|---|---|
| 003 | LK-CoMWRAF | ||
| 005 | 20240113132704.0 | ||
| 008 | 230817t1975 ||||| |||| 00| 0 eng d | ||
| 040 |
_aLK-CoMWRAF _dLK-CoMWRAF _eLK-CoMWRAF |
||
| 041 | _aeng | ||
| 082 |
_a305.42 _bIRA |
||
| 245 |
_aThe Iraqi Woman: _bThe international women's year 1975 |
||
| 260 |
_aBaghdad: _bThe General Federation of Iraq's Women, _c1975, |
||
| 300 | _a55 p. | ||
| 650 | _aWOMEN-Iraqi | ||
| 942 | _cBK | ||
| 999 |
_c4566 _d4566 |
||